000 00312nam a22001337a 4500
008 171024b xxu||||| |||| 00| 0 eng d
020 _a2900324783512
041 _aeng
080 _a311
100 _a55
101 _aSTA
245 _aESSENTIALS OF MODERN BUSINESS STATISTICS
_cANDERSON,D.R
942 _2udc
_cBK
999 _c35765
_d35765